000 00282nam a22001337a 4500
008 170308b xxu||||| |||| 00| 0 eng d
020 _a0865422621
041 _aeng
080 _23RD
_a611
100 _a6
101 _aSHM
245 _aHUMAN EVOLUTION
_cLEWIN, R
942 _2udc
_cBK
999 _c7243
_d7243